Youth Unemployment in EU Member States and Impact of the Covid-19 Pandemic
Nezamestnanosť vzniká nerovnováhou medzi ponukou a dopytom na trhu práce a predstavuje vážny ekonomický a sociálny problém. Vysoká nezamestnanosť spomaľuje dlhodobý rastový potenciál ekonomiky. Súčasný trh práce mimoriadne zasiahla pandémia COVID-19. Nezamestnanosť mladých ľudí do 25 rokov si vyžadu...
Saved in:
| Main Author: | |
|---|---|
| Other Authors: | |
| Format: | Book Chapter |
| Language: | English |
| Subjects: | |
| Tags: |
No Tags, Be the first to tag this record!
|
MARC
| LEADER | 00000naa$a2200000$$$4500 | ||
|---|---|---|---|
| 001 | 0290089 | ||
| 005 | 20240502083936.1 | ||
| 041 | 0 | |a eng | |
| 044 | |a CZ | ||
| 245 | 1 | 0 | |a Youth Unemployment in EU Member States and Impact of the Covid-19 Pandemic |c Barbora Gontkovičová, Antonín Korauš |
| 520 | |a Nezamestnanosť vzniká nerovnováhou medzi ponukou a dopytom na trhu práce a predstavuje vážny ekonomický a sociálny problém. Vysoká nezamestnanosť spomaľuje dlhodobý rastový potenciál ekonomiky. Súčasný trh práce mimoriadne zasiahla pandémia COVID-19. Nezamestnanosť mladých ľudí do 25 rokov si vyžaduje individuálnu pozornosť a táto téma sa stáva kľúčovou politickou prioritou. Neschopnosť čerstvých absolventov nájsť si prácu je problém, ktorý sa EÚ snaží znížiť implementáciou rôznych programov podpory mladých ľudí pri hľadaní a udržaní si zamestnania. | ||
| 610 | 2 | 0 | |a nezamestnanosť |
| 610 | 2 | 0 | |a trh práce |
| 610 | 2 | 0 | |a mládež |
| 610 | 2 | 0 | |a absolventi |
| 610 | 2 | 0 | |a pandémia |
| 610 | 2 | 0 | |a koronavírus |
| 610 | 2 | 0 | |a Európska únia |
| 100 | 1 | |a Gontkovičová, Barbora, 1986- | |
| 700 | 1 | |a Korauš, Antonín | |